000 00770nam a2200229Ii 4500
003 JO-AjNU
008 230605s9999||||xx |||||||||||||| ||und||
017 _a14/1253
020 _a9960-669-00-9
040 _aJO-AjNU
_bara
_erda
_cJO-AjNU
041 _aara
050 1 4 _aBF721.Z446.1994
100 3 _aتاليف زيدان، محمد مصطفى,
_eauthor
_942525
245 0 0 _aالنمو النفسي للطفل والمراهق ونظريات الشخصية
250 _aط4
264 3 1 _aجدة:دار الشروق للنشر والتوزيع والطباعة ، 1994
300 _a335ص
336 _atext
_btxt
_2rdacontent
337 _aunmediated
_bn
_2rdamedia
338 _avolume
_bnc
_2rdacarrier
650 4 _aالاطفال-علم النفس
_942526
999 _aA18215
_c21783
_d21783